000 00389nam a2200169Ia 4500
001 17181
003 IN-NITTTR
005 20251114233202.0
008 251113s9999||||xx |||||||||||||| ||eng||
040 _beng
040 _cIN-NITTTR
041 _aeng
082 _a796.03 G55E
100 _aGoel, R. G.
245 0 _aEncyclopaedia of sports and games /
_cGoel, R. G.
942 _2ddc
_cBK
999 _c19815
_d19815